000 00477nam a2200169 i 4500
001 75533
003 ES-MaACL
005 20230906172509.0
007 t|
008 040924s1920 xxk ||||1| eng d
100 1 _aGrande, Constance.
_959583
245 1 0 _aGeneva
_b: its place in the world /
_cby Constance and Julian Grande.
260 _aLondon :
_bT. Fisher Unwin,
_c1920.
300 _a158 p. ;
_c20 cm.
700 1 _aGrande, Julian.
_959586
852 _aES-MaACL
_jF-4629
999 _c75533
_d75533